000
00295nam a2200097Ia 4500
005
20251222114340.0
008
251222s1900||||xx |||||||||||||| ||spa||
082
_a
DVD0070/M84
245
0
_a
Bella: one moment can change your life forever:Bella: el verdadero amor va más allá del romance
942
_c
DVD
999
_c
826
_d
826